[Event "Hasselbacken op"]
[Site "Stockholm"]
[Date "2019.11.01"]
[Round "2"]
[White "Sorensen, Hampus"]
[Black "Lyngsjo, Hakan"]
[Result "1-0"]
[WhiteElo "2365"]
[BlackElo "2030"]
[PlyCount "61"]
[EventDate "2019.11.01"]
[EventType "swiss"]
[EventRounds "8"]
[EventCountry "SWE"]
[SourceTitle "CBM 192 Extra"]
[Source "Chessbase"]
[SourceDate "2019.11.06"]
[SourceVersion "1"]
[SourceVersionDate "2019.11.06"]
[SourceQuality "1"]

1. Nf3 Nf6 2. c4 g6 3. g3 Bg7 4. Bg2 c6 5. d4 d5 6. cxd5 cxd5 7. Ne5 0-0 8. Nc3 Bf5 9. Qb3 Qb6 10. Qxb6 axb6 11. Nxd5 Nxd5 12. Bxd5 Ra5 13. Bxb7 Bxe5 14. dxe5 Rxe5 15. Be3 Nd7 16. 0-0 Nc5 17. Bf3 Be4 18. Rfd1 Bxf3 19. exf3 Na4 20. b3 Nc3 21. Rd3 Rc8 22. Bxb6 Nd5 23. f4 Rf5 24. Be3 Rc2 25. g4 Nxe3 26. gxf5 Nxf5 27. a4 Nd6 28. a5 Nb5 29. Rd5 Nc3 30. Rd8+ Kg7 31. a6 1-0

[Event "Gothenburg Kvibergspelen 09"]
[Site "Gothenburg"]
[Date "2019.09.27"]
[Round "2"]
[White "Lyngsjo, Hakan"]
[Black "Ziegler, Ari"]
[Result "1-0"]
[WhiteElo "2031"]
[BlackElo "2299"]
[PlyCount "51"]
[EventDate "2019.09.27"]
[EventType "swiss"]
[EventRounds "8"]
[EventCountry "SWE"]
[SourceTitle "EXT 2020"]
[Source "ChessBase"]
[SourceDate "2019.10.17"]
[SourceVersion "1"]
[SourceVersionDate "2019.10.17"]
[SourceQuality "1"]

1. e4 c5 2. Nf3 d6 3. Bb5+ Nc6 4. Bxc6+ bxc6 5. 0-0 e5 6. c3 g5 7. d4 g4 8. Ng5 h6 9. Nxf7 Kxf7 10. dxe5 Be6 11. f3 g3 12. f4 gxh2+ 13. Kh1 h5 14. f5 Bc4 15. e6+ Ke8 16. Rf3 Nf6 17. Bg5 Be7 18. Nd2 Ba6 19. Rh3 Qb6 20. e5 Ng4 21. Qxg4 hxg4 22. Rxh8+ Bf8 23. f6 Kd8 24. Rxf8+ Kc7 25. Rf7+ Kb8 26. e7 1-0

[Event "Malmo op"]
[Site "Malmo"]
[Date "2018.12.14"]
[Round "2"]
[White "Lindberg, Bengt"]
[Black "Lyngsjo, Hakan"]
[Result "1-0"]
[WhiteElo "2404"]
[BlackElo "2062"]
[PlyCount "71"]
[EventDate "2018.12.14"]
[EventType "swiss"]
[EventRounds "8"]
[EventCountry "SWE"]
[SourceTitle "CBM 187 Extra"]
[Source "ChessBase"]
[SourceDate "2018.11.04"]
[SourceVersion "1"]
[SourceVersionDate "2018.11.04"]
[SourceQuality "1"]

1. e4 Nf6 2. e5 Nd5 3. d4 d6 4. Nf3 dxe5 5. Nxe5 c6 6. Nc3 Nd7 7. Nxd5 cxd5 8. Bf4 g6 9. Qf3 Qa5+ 10. c3 Nf6 11. a4 a6 12. g4 Be6 13. Bd3 Bg7 14. h3 Rc8 15. 0-0 0-0 16. Qe3 Nd7 17. Nxd7 Bxd7 18. Qxe7 Bc6 19. b4 Qb6 20. Qc5 Qd8 21. Qd6 Qh4 22. Kg2 Rfd8 23. Bg3 Qg5 24. Qf4 Qxf4 25. Bxf4 Bxa4 26. Rxa4 Rxc3 27. Rd1 Rb3 28. Be3 Rc8 29. Rd2 Rcc3 30. Be2 Bf8 31. b5 axb5 32. Ra8 Kg7 33. Bf3 Rb1 34. Re2 b4 35. Bf4 f6 36. Ree8 1-0

[Event "Vaxjo op"]
[Site "Vaxjo"]
[Date "2018.02.10"]
[Round "5"]
[White "Lyngsjo, Hakan"]
[Black "Reid, Gregor JM"]
[Result "0-1"]
[WhiteElo "2073"]
[BlackElo "2245"]
[PlyCount "82"]
[EventDate "2018.02.09"]
[EventType "swiss"]
[EventRounds "8"]
[EventCountry "SWE"]
[SourceTitle "CBM 182 Extra"]
[Source "ChessBase"]
[SourceDate "2018.02.23"]
[SourceVersion "1"]
[SourceVersionDate "2018.02.23"]
[SourceQuality "1"]

1. e4 g6 2. d4 d6 3. Nc3 Bg7 4. Be3 Nc6 5. d5 Nb8 6. Nf3 Nf6 7. h3 c6 8. Qd2 0-0 9. Bh6 Nbd7 10. Bxg7 Kxg7 11. Rd1 Qb6 12. b3 Nc5 13. Qd4 e5 14. dxe6 Nxe6 15. Qxb6 axb6 16. Rxd6 Nc5 17. Bd3 b5 18. e5 Ne8 19. Rd4 Ne6 20. Rb4 N8c7 21. a4 Na6 22. Re4 Nac5 23. Rb4 bxa4 24. bxa4 Nxd3+ 25. cxd3 Rd8 26. Ke2 b6 27. Ke3 Ba6 28. Rd1 Rab8 29. d4 c5 30. dxc5 bxc5 31. Rxb8 Rxb8 32. Rd6 Bf1 33. g3 Rb3 34. Kd2 Rb2+ 35. Ke1 Bxh3 36. a5 Bg2 37. Nd2 Rc2 38. Rd3 Rc1+ 39. Ke2 Nd4+ 40. Rxd4 cxd4 41. Nb5 Rc5 0-1

[Event "Vaxjo op"]
[Site "Vaxjo"]
[Date "2018.02.09"]
[Round "3"]
[White "Lyngsjo, Hakan"]
[Black "Walinder, Lars"]
[Result "1-0"]
[WhiteElo "2073"]
[BlackElo "2205"]
[PlyCount "93"]
[EventDate "2018.02.09"]
[EventType "swiss"]
[EventRounds "8"]
[EventCountry "SWE"]
[SourceTitle "CBM 182 Extra"]
[Source "ChessBase"]
[SourceDate "2018.02.23"]
[SourceVersion "1"]
[SourceVersionDate "2018.02.23"]
[SourceQuality "1"]

1. d4 g6 2. Bf4 Bg7 3. c3 Nf6 4. h3 0-0 5. Nf3 d5 6. Nbd2 c5 7. e3 Nc6 8. g4 Nd7 9. Bg2 e5 10. dxe5 Ndxe5 11. Nxe5 Nxe5 12. Bxe5 Bxe5 13. Nb3 c4 14. Nd4 Be6 15. 0-0 Qb6 16. Qd2 Rad8 17. f4 Bg7 18. Rad1 Rfe8 19. Qf2 Bc8 20. Rfe1 Qc5 21. Nc2 a5 22. e4 Qxf2+ 23. Kxf2 dxe4 24. Rxd8 Rxd8 25. Bxe4 b5 26. a3 Bf8 27. Bf3 Bc5+ 28. Kg2 Kf8 29. Rd1 Rd3 30. Rxd3 cxd3 31. Nd4 Be6 32. Kf2 Ke7 33. Ke3 Bc4 34. Be4 b4 35. axb4 axb4 36. Bxd3 Bd5 37. Be4 Bc4 38. cxb4 Bb6 39. Bd3 Bd5 40. h4 h6 41. g5 h5 42. b5 Kd6 43. b4 Bh1 44. Be4 Bxe4 45. Kxe4 Bc7 46. f5 Ke7 47. Nc6+ 1-0

[Event "Lund CellaVision Cup"]
[Site "Lund"]
[Date "2015.08.07"]
[Round "1"]
[White "Lyngsjo, Hakan"]
[Black "Jones, Gawain C B"]
[Result "0-1"]
[WhiteElo "1987"]
[BlackElo "2647"]
[PlyCount "62"]
[EventDate "2015.08.07"]
[EventType "swiss"]
[EventRounds "8"]
[EventCountry "SWE"]
[SourceTitle "CBM 167 Extra"]
[Source "ChessBase"]
[SourceDate "2015.09.14"]
[SourceVersion "1"]
[SourceVersionDate "2015.09.14"]
[SourceQuality "1"]

1. e4 c5 2. Nf3 d6 3. Bb5+ Bd7 4. Bxd7+ Nxd7 5. 0-0 Ngf6 6. Qe2 Rc8 7. c4 g6 8. b3 Bg7 9. Bb2 e5 10. Nc3 Nh5 11. Nd5 Ndf6 12. g3 0-0 13. Ne1 Nxd5 14. cxd5 Qg5 15. Ng2 Rce8 16. d3 f5 17. f4 exf4 18. Bxg7 f3 19. Rxf3 Kxg7 20. Raf1 fxe4 21. Rxf8 Rxf8 22. dxe4 Rxf1+ 23. Qxf1 Qe5 24. Qe2 Qa1+ 25. Ne1 Nf6 26. Kg2 Qe5 27. Nd3 Qxe4+ 28. Qxe4 Nxe4 29. Nf4 Kf6 30. Kf3 Nc3 31. a3 g5 0-1

[Event "Rostock SSC 07 op 11th"]
[Site "Rostock"]
[Date "2012.08.04"]
[Round "6"]
[White "Klatt, Jan"]
[Black "Lyngsjo, Hakan"]
[Result "1-0"]
[WhiteElo "2140"]
[BlackElo "1987"]
[PlyCount "55"]
[EventDate "2012.08.01"]
[EventType "swiss"]
[EventRounds "7"]
[EventCountry "GER"]
[SourceTitle "EXT 2017"]
[Source "ChessBase"]
[SourceDate "2016.10.25"]
[SourceVersion "1"]
[SourceVersionDate "2016.10.25"]
[SourceQuality "1"]

1. Nc3 Nf6 2. e4 e5 3. Bc4 Nc6 4. d3 Bb4 5. Nf3 0-0 6. Bg5 h6 7. Bh4 Re8 8. 0-0 Bxc3 9. bxc3 Na5 10. Nd2 c6 11. Re1 b5 12. Bb3 Nxb3 13. axb3 d5 14. exd5 cxd5 15. b4 Qd6 16. Nb3 Nd7 17. Bg3 Bb7 18. d4 f6 19. Qh5 Qe6 20. dxe5 fxe5 21. f4 e4 22. Nd4 Qb6 23. Bf2 Nf6 24. Qg6 Qc7 25. Nf5 Re6 26. Bd4 Rf8 27. Rxa7 Kh8 28. Nxg7 1-0

[Event "Rostock SSC 07 op 11th"]
[Site "Rostock"]
[Date "2012.08.03"]
[Round "5"]
[White "Szelag, Marcin"]
[Black "Lyngsjo, Hakan"]
[Result "1-0"]
[WhiteElo "2482"]
[BlackElo "1987"]
[PlyCount "63"]
[EventDate "2012.08.01"]
[EventType "swiss"]
[EventRounds "7"]
[EventCountry "GER"]
[SourceTitle "EXT 2017"]
[Source "ChessBase"]
[SourceDate "2016.10.25"]
[SourceVersion "1"]
[SourceVersionDate "2016.10.25"]
[SourceQuality "1"]

1. e4 Nf6 2. e5 Nd5 3. d4 d6 4. Nf3 dxe5 5. Nxe5 c6 6. Qf3 Be6 7. Nd3 Nd7 8. c4 N5f6 9. b3 g6 10. Bb2 Bg7 11. h3 0-0 12. Nd2 Bf5 13. Qe3 Ne8 14. Be2 Bxd3 15. Bxd3 Nc5 16. Bc2 Ne6 17. Nf3 c5 18. 0-0-0 cxd4 19. Nxd4 Nxd4 20. Bxd4 Qa5 21. Kb1 Bxd4 22. Rxd4 Nd6 23. Rd5 Qc7 24. h4 e6 25. Rc5 Qe7 26. h5 Nf5 27. Bxf5 gxf5 28. Rxf5 Rad8 29. Re1 Qd6 30. Qg5+ Kh8 31. Qf6+ Kg8 32. Rg5# 1-0

[Event "Stockholm Elo-Challenge"]
[Site "Stockholm"]
[Date "2012.??.??"]
[Round "4"]
[White "Akesson, Ralf"]
[Black "Lyngsjo, Hakan"]
[Result "1-0"]
[WhiteElo "2421"]
[BlackElo "1989"]
[PlyCount "45"]
[EventDate "2012.05.16"]
[EventType "swiss"]
[EventRounds "9"]
[EventCountry "SWE"]
[SourceTitle "EXT 2024"]
[Source "ChessBase"]
[SourceDate "2023.10.10"]
[SourceVersion "1"]
[SourceVersionDate "2023.10.10"]
[SourceQuality "1"]

1. d4 Nf6 2. c4 g6 3. Nc3 d5 4. cxd5 Nxd5 5. e4 Nxc3 6. bxc3 Bg7 7. Bc4 c5 8. Ne2 0-0 9. 0-0 Nc6 10. Be3 Na5 11. Bd3 e5 12. dxe5 c4 13. Bc2 Bxe5 14. f4 Bg7 15. Nd4 Bd7 16. Qf3 Qc7 17. e5 Bc6 18. Nxc6 Nxc6 19. Be4 Rad8 20. Rab1 Na5 21. Bxa7 Rd2 22. Bb6 Qe7 23. Rb5 1-0

[Event "Politiken Cup 33rd"]
[Site "Helsingor"]
[Date "2011.07.30"]
[Round "1"]
[White "Ruck, Robert"]
[Black "Lyngsjo, Hakan"]
[Result "1-0"]
[WhiteElo "2569"]
[BlackElo "1943"]
[PlyCount "53"]
[EventDate "2011.07.30"]
[EventType "swiss"]
[EventRounds "10"]
[EventCountry "DEN"]
[SourceTitle "CBM 143 Extra"]
[Source "ChessBase"]
[SourceDate "2011.08.29"]
[SourceVersion "1"]
[SourceVersionDate "2011.08.29"]
[SourceQuality "1"]

1. Nf3 Nf6 2. c4 g6 3. Nc3 d5 4. Qa4+ c6 5. cxd5 Nxd5 6. g3 Bg7 7. Bg2 0-0 8. 0-0 Nd7 9. d4 N7b6 10. Qc2 Bg4 11. Rd1 Bxf3 12. Bxf3 Re8 13. Qb3 Nxc3 14. bxc3 e5 15. e3 Qc7 16. Rb1 Kh8 17. a4 Rad8 18. a5 Nd5 19. Qxb7 Qxb7 20. Rxb7 Nxc3 21. Rd3 exd4 22. Rxa7 dxe3 23. Rxe3 Bd4 24. Rxe8+ Rxe8 25. Rd7 Ne2+ 26. Bxe2 Rxe2 27. Bh6 1-0

[Event "Politiken Cup 30th"]
[Site "Helsingor"]
[Date "2008.07.26"]
[Round "9"]
[White "Lyngsjo, Hakan"]
[Black "Nielsen, Borge Hjerrild"]
[Result "0-1"]
[WhiteElo "1951"]
[BlackElo "2116"]
[PlyCount "170"]
[EventDate "2008.07.19"]
[EventType "swiss"]
[EventRounds "10"]
[EventCountry "DEN"]
[SourceTitle "CBM 125 Extra"]
[Source "ChessBase"]
[SourceDate "2008.09.01"]
[SourceVersion "1"]
[SourceVersionDate "2008.09.01"]
[SourceQuality "1"]

1. e4 c6 2. d4 d5 3. exd5 cxd5 4. c4 Nf6 5. Nc3 e6 6. Nf3 Be7 7. cxd5 Nxd5 8. Bd3 Nc6 9. 0-0 0-0 10. Re1 Nf6 11. a3 b6 12. Bg5 Bb7 13. Bc2 Re8 14. Qd3 g6 15. Rad1 Nd5 16. Nxd5 Bxg5 17. Nxg5 Qxg5 18. Ne3 Ne7 19. Bb3 Red8 20. g3 Qh5 21. Ng2 Qf3 22. Qxf3 Bxf3 23. Rd3 Bd5 24. Bxd5 Nxd5 25. Ne3 Rac8 26. Kf1 Rd7 27. Ke2 Nf6 28. Red1 Rcd8 29. Nc4 b5 30. Ne5 Rd6 31. Nf3 Nd5 32. Rc1 a6 33. Nd2 Nb6 34. Nf3 Nc4 35. Rb3 Rd5 36. a4 g5 37. axb5 axb5 38. h3 h5 39. g4 hxg4 40. hxg4 Kg7 41. Ra1 Kg6 42. Ra6 Rb8 43. Kd3 Rb7 44. Ke4 Kf6 45. Rb4 Ke7 46. Ne5 Nxe5 47. dxe5 Rc7 48. Rd4 Rxd4+ 49. Kxd4 Rc4+ 50. Kd3 Rxg4 51. Ra7+ Kf8 52. Rb7 b4 53. Ke3 Kg7 54. f3 Rf4 55. Rb8 Kg6 56. Rb7 Rc4 57. Kd3 Rh4 58. Ke3 Kf5 59. Rxf7+ Kxe5 60. Rb7 Kf6 61. Rb8 e5 62. Rb6+ Kf5 63. Rb5 Rc4 64. Rb8 g4 65. fxg4+ Rxg4 66. Rf8+ Ke6 67. Re8+ Kd5 68. Rd8+ Kc4 69. Rd2 Kb3 70. Rh2 Rc4 71. Kd3 e4+ 72. Ke3 Rc2 73. Rh8 Kxb2 74. Kxe4 Rd2 75. Ke3 Rd7 76. Rc8 b3 77. Rb8 Kc2 78. Rc8+ Kb1 79. Rb8 b2 80. Ke2 Rd5 81. Rb7 Kc2 82. Rc7+ Kb3 83. Rb7+ Kc3 84. Ke3 Re5+ 85. Kf2 Rc5 0-1

[Event "Politiken Cup 30th"]
[Site "Helsingor"]
[Date "2008.07.20"]
[Round "3"]
[White "Lyngsjo, Hakan"]
[Black "Schnabel, Andreas"]
[Result "0-1"]
[WhiteElo "1951"]
[BlackElo "2153"]
[PlyCount "84"]
[EventDate "2008.07.19"]
[EventType "swiss"]
[EventRounds "10"]
[EventCountry "DEN"]
[SourceTitle "CBM 125 Extra"]
[Source "ChessBase"]
[SourceDate "2008.09.01"]
[SourceVersion "1"]
[SourceVersionDate "2008.09.01"]
[SourceQuality "1"]

1. e4 c5 2. Nf3 d6 3. d4 cxd4 4. Nxd4 Nf6 5. Nc3 g6 6. Be3 Bg7 7. f3 0-0 8. Qd2 Nc6 9. 0-0-0 Nxd4 10. Bxd4 Be6 11. h4 Qa5 12. h5 Rfc8 13. hxg6 hxg6 14. a3 Rab8 15. Kb1 b5 16. Nd5 Qxd2 17. Nxf6+ Bxf6 18. Rxd2 Bxd4 19. Rxd4 Rc5 20. f4 Kg7 21. Be2 Rbc8 22. c3 Bc4 23. Bg4 Be6 24. Bxe6 fxe6 25. e5 dxe5 26. fxe5 Rxe5 27. Rd7 a5 28. Rxe7+ Kf6 29. Ra7 a4 30. Rf1+ Kg5 31. Rf2 Kg4 32. Kc2 Kg3 33. Rd2 g5 34. Rg7 Rc4 35. Rgd7 Rce4 36. R7d3+ Kh2 37. Rh3+ Kg1 38. Rg3 g4 39. Rgd3 Re2 40. g3 Kf2 41. b4 axb3+ 42. Kxb3 Rxd2 0-1